000 01434nam a2200241Ii 4500
003 JO-AjNU
005 20240630103116.0
008 230605s9999||||xx |||||||||||||| ||und||
040 _aJO-AjNU
_bara
_erda
_cJO-AjNU
041 _aara
050 1 4 _aLB1029 2017
100 1 _aالنمر، خديجة نمر محمد
_eمعد
_965927
245 0 0 _aاثر اسنخدام استراتيجية مدعمة بالالعاب الالكترونية على تحصيل طلبة الصف الخامس الاساسي وخفض القلق الرياضي لديهم في الاردن= The Effect of using a strategy supported by electronic games on the achievement of the fifth grade students and decreasing their mathematical anxiety in jordon /
_cاعداد خديجة نمر محمد ؛ إشراف احمد محمد الدويري
260 _c2017
300 _a124ورقة
336 _atext
_btxt
_2rdacontent
337 _aunmediated
_bn
_2rdamedia
338 _avolume
_bnc
_2rdacarrier
500 _aرسالة جامعية (ماجستير في مناهج الرياضيات واساليب التدريس )--جامعة ال البيت، كلية العلوم التربوية(المفرق)، 2017، يشتمل على جداول توضيحية
650 4 _aالرياضيات - الالعاب التعليمية - طرق التدريس - الاردن
_957660
700 1 _aالدويري، احمد محمد
_965928
942 _2lcc
_cTHS
999 _c29420
_d29420